| 000 | 00922cam a2200265 a 4500 | ||
|---|---|---|---|
| 001 | 000010256 | ||
| 005 | 20200929162218.0 | ||
| 008 | 771205s1967 sp b 001 0 spa | ||
| 040 |
_aDO-SdBNP _cDLC _dDLC |
||
| 050 | 0 | 0 |
_aPQ6485 _b.M63 1967 |
| 082 |
_annn _bM779e |
||
| 100 | 1 |
_aMontesinos, José Fernández. _925271 |
|
| 245 | 1 | 0 |
_aEstudios sobre Lope de Vega / _cJosé Fernández Montesinos. |
| 250 | _aNueva ed. | ||
| 260 |
_aSalamanca : _bAnaya, _c1967. |
||
| 300 |
_axviii, 330 p. ; _c25 cm. |
||
| 490 | 1 | _aTemas y estudios | |
| 500 | _aPrimera ed. publicado en 1951 bajo el título: Estudios sobre Lope | ||
| 500 | _aTítulo de la cubierta: Estudios sobre Lope. | ||
| 504 | _aIncluye referencias bibliográficas e índices. | ||
| 600 | 1 | 0 |
_aVega, Lope de, _d1562-1635 _xCriticism and interpretation. _925272 |
| 830 | 0 |
_aTemas y estudios ; _925273 |
|
| 910 | _aCatalogación por copia / LC | ||
| 049 | _aBNGR | ||
| 999 |
_c10015 _d10015 |
||